Statistiques concernant Zoo De La Palmyre

Cliquez ici pour prendre le quiz!

Statistiques générales

  • Ce quiz a été pris 63 fois
  • Le résultat moyen est 6 sur 9

Statistiques - réponses

Réponse% Correct
Tigre de Sumatra
100%
Zèbre
100%
Ara bleu
89%
Ibis rouge
70%
Lycaon
63%
Eléphant Indien
61%
Oryx
48%
Calao
41%
Lémur catta
29%

Distribution des résultats

Percentile par nombre de réponses

% des personnes avec chaque résultat

Votre développement - résultats

Vous n’avez pas pris ce quiz